Dans quel univers de fiction apparaît ce vaisseau spatial de fiction? - Statistiques

Statistiques générales
  • Ce quiz a été pris 30 fois
    8 depuis la dernière actualisation
  • Le résultat moyen est 9 sur 39
Statistiques - réponses
Nom du vaisseau Univers % Correct
Faucon Millenium Star Wars
100%
USS Enterprise (NCC-1701) Star Trek
88%
(USCSS) Nostromo Alien
63%
Arcadia Albator
50%
Bebop Cowboy Bebop
50%
TARDIS Doctor Who
50%
Endurance Interstellar
50%
Egg Mobile Sonic The Hedgehog
38%
Nemesis Prime Transformers
38%
Sanctuary II Avengers
25%
(D77H TCI) Pelican/ Dropship 77 Halo
25%
Mothership Independance Day
25%
Milan(o) Les Gardiens de la Galaxie
25%
SSV Normandy SR-1 Mass Effect
25%
Observatoire de la Comète Super Mario Galaxy
25%
Odysseus Ulysse 31
25%
Axiom Wall-E
25%
Valkyrie Avatar
13%
Cyberlab Capitaine Flam
13%
Planet Express Ship Futurama
13%
Falcon Flyer F-Zero
13%
Gummi Kingdom Hearts
13%
(SCV-70) White Base Mobile Suit Gundam
13%
Tet Oblivion
13%
Hermès Seul sur Mars
13%
Arwing Star Fox
13%
Aurora Subnautica
13%
Technodrome Tortues Ninja
13%
(USSC) Discovery One 2001, l'Odyssée de l'Espace
0%
(SWSC1) Olympus Mons Call of Duty
0%
Cathedral Terra Gurren Lagann
0%
Strato XL Jimmy Neutron
0%
Flouston Paradise Le Cinquième Element
0%
Papillon des Etoiles Le Papillon des Etoiles
0%
Alpha Vector/ Domanish S84 No Man's Sky
0%
Hocotate Ship Pikmin
0%
Juggernaut Prometheus
0%
Aphelion Ratchet et Clank
0%
(RSI) Constellation Taurus Star Citizen
0%
Aucun quiz correspondant
Distribution des résultats
% des personnes avec chaque résultat
Percentile par nombre de réponses
Votre historique - résultats
Vous n’avez pas pris ce quiz depuis la dernière actualisation